| LEADER | 00550nam a2200181Ia 4500 | ||
|---|---|---|---|
| 001 | CTU_97950 | ||
| 008 | 210402s9999 xx 000 0 und d | ||
| 082 | |a 539.7211 | ||
| 082 | |b B471 | ||
| 100 | |a Bennett, Allan | ||
| 245 | 0 | |a Electrons on the move | |
| 245 | 0 | |c By scientists of the Westinghouse Research Laboratories: Allan Bennett [and others] Sharon Banigan, executive editor. | |
| 260 | |a New York | ||
| 260 | |b Walker | ||
| 260 | |c 1964 | ||
| 650 | |a Electrons | ||
| 904 | |i Năm | ||
| 980 | |a Trung tâm Học liệu Trường Đại học Cần Thơ | ||